Auditing (Record no. 16024)
[ view plain ]
| 000 -LEADER | |
|---|---|
| fixed length control field | 00555nam a22002177a 4500 |
| 003 - CONTROL NUMBER IDENTIFIER | |
| control field | OSt |
| 005 - DATE AND TIME OF LATEST TRANSACTION | |
| control field | 20220901152211.0 |
| 008 - FIXED-LENGTH DATA ELEMENTS--GENERAL INFORMATION | |
| fixed length control field | 220901b |||||||| |||| 00| 0 eng d |
| 020 ## - INTERNATIONAL STANDARD BOOK NUMBER | |
| International Standard Book Number | 9781844809400 |
| 040 ## - CATALOGING SOURCE | |
| Transcribing agency | IFM Library |
| 082 ## - DEWEY DECIMAL CLASSIFICATION NUMBER | |
| Classification number | 657.45 |
| 100 ## - MAIN ENTRY--PERSONAL NAME | |
| Personal name | Millichamp, Alan |
| 9 (RLIN) | 157 |
| 245 ## - TITLE STATEMENT | |
| Title | Auditing |
| 250 ## - EDITION STATEMENT | |
| Edition statement | 9th Edition |
| 260 ## - PUBLICATION, DISTRIBUTION, ETC. | |
| Place of publication, distribution, etc. | Australia: |
| Name of publisher, distributor, etc. | CENGAGE Learning, |
| Date of publication, distribution, etc. | 2008 |
| 300 ## - PHYSICAL DESCRIPTION | |
| Extent | xx,459p. |
| Other physical details | ill.;23cm |
| 500 ## - GENERAL NOTE | |
| General note | include Bibliography and index |
| 650 ## - SUBJECT ADDED ENTRY--TOPICAL TERM | |
| Topical term or geographic name entry element | Auditing |
| 9 (RLIN) | 1865 |
| 700 ## - ADDED ENTRY--PERSONAL NAME | |
| Personal name | John Taylor |
| 9 (RLIN) | 1866 |
| 942 ## - ADDED ENTRY ELEMENTS (KOHA) | |
| Koha item type | Books |
| Source of classification or shelving scheme | Dewey Decimal Classification |
| Suppress in OPAC | No |
| Withdrawn status | Lost status | Source of classification or shelving scheme | Damaged status | Not for loan | Collection code | Home library | Current library | Shelving location | Date acquired | Source of acquisition | Full call number | Barcode | Date last seen | Price effective from | Koha item type | Total Checkouts | Date last checked out |
|---|---|---|---|---|---|---|---|---|---|---|---|---|---|---|---|---|---|
| Dewey Decimal Classification | Non-fiction | Geita Campus | Geita Campus | Geita Campus Library | 09/01/2022 | Purchase | 657.45 MIL | 0000020234 | 06/10/2016 | 02/19/2022 | Books | ||||||
| Dewey Decimal Classification | IFM Main Campus Library | IFM Main Campus Library | 06/10/2016 | 657.45 MIL | 0000020233 | 02/08/2018 | 06/10/2016 | Books | 1 | 12/08/2017 | |||||||
| Dewey Decimal Classification | IFM Main Campus Library | IFM Main Campus Library | 06/10/2016 | 657.45 MIL | 0000020235 | 06/10/2016 | 02/19/2022 | Books |
